Detalles MARC
| 000 -LEADER |
| fixed length control field |
01538nam a2200409Ii 4500 |
| 001 - CONTROL NUMBER |
| control field |
DIGCECAL0005 |
| 003 - CONTROL NUMBER IDENTIFIER |
| control field |
NyNyDIG |
| 006 - FIXED-LENGTH DATA ELEMENTS--ADDITIONAL MATERIAL CHARACTERISTICS |
| fixed length control field |
m o d |
| 007 - PHYSICAL DESCRIPTION FIXED FIELD--GENERAL INFORMATION |
| fixed length control field |
cr ||||||||||| |
| 008 - FIXED-LENGTH DATA ELEMENTS--GENERAL INFORMATION |
| fixed length control field |
130701s2012 sp o 000 0 spa d |
| 020 ## - INTERNATIONAL STANDARD BOOK NUMBER |
| Canceled/invalid ISBN |
9780985279028 |
| 020 ## - INTERNATIONAL STANDARD BOOK NUMBER |
| Canceled/invalid ISBN |
0985279028 |
| 035 ## - SYSTEM CONTROL NUMBER |
| System control number |
(OCoLC)888261691 |
| 040 ## - CATALOGING SOURCE |
| Original cataloging agency |
DGITA |
| Language of cataloging |
eng |
| Description conventions |
pn |
| Transcribing agency |
DGITA |
| 041 1# - LANGUAGE CODE |
| Language code of text/sound track or separate title |
spa |
| Language code of original |
fry |
| 050 14 - LIBRARY OF CONGRESS CALL NUMBER |
| Classification number |
PF1531.H48 eBook |
| 100 1# - MAIN ENTRY--PERSONAL NAME |
| Personal name |
Hettinga, Tsjêbbe, |
| Dates associated with a name |
1949-2013. |
| Fuller form of name |
(Tsjebbe O.) |
| 240 10 - UNIFORM TITLE |
| Uniform title |
Fan oer see en fierder |
| Language of a work |
Spanish |
| 245 13 - TITLE STATEMENT |
| Title |
La luz del mar : |
| Remainder of title |
seguido de Santa María del mar : poemas / |
| Statement of responsibility, etc. |
Tsjebbe Hettinga ; traducidos del frisón por Diego Puls. |
| 246 10 - VARYING FORM OF TITLE |
| Title proper/short title |
Santa María del mar. |
| 264 #1 - PRODUCTION, PUBLICATION, DISTRIBUTION, MANUFACTURE, AND COPYRIGHT NOTICE |
| Place of production, publication, distribution, manufacture |
Barcelona : |
| Name of producer, publisher, distributor, manufacturer |
Paso de Barca : |
| -- |
Centro de Estudios Contemporáneos sobre América Latina (CECAL), |
| Date of production, publication, distribution, manufacture, or copyright notice |
2012. |
| 300 ## - PHYSICAL DESCRIPTION |
| Extent |
1 online resource (55 pages) |
| 336 ## - CONTENT TYPE |
| Content type term |
text |
| Content type code |
txt |
| Source |
rdacontent |
| 337 ## - MEDIA TYPE |
| Media type term |
computer |
| Media type code |
c |
| Source |
rdamedia |
| 338 ## - CARRIER TYPE |
| Carrier type term |
online resource |
| Carrier type code |
cr |
| Source |
rdacarrier |
| 490 1# - SERIES STATEMENT |
| Series statement |
Colección Poetas del mundo ; |
| Volume/sequential designation |
2. |
| 546 ## - LANGUAGE NOTE |
| Language note |
Poems in Spanish, translated from Frisian. |
| 650 #0 - SUBJECT ADDED ENTRY--TOPICAL TERM |
| Topical term or geographic name entry element |
Spanish American poetry |
| General subdivision |
Women authors |
| -- |
History and criticism |
| 655 #0 - INDEX TERM--GENRE/FORM |
| Genre/form data or focus term |
Electronic books. |
| 700 1# - ADDED ENTRY--PERSONAL NAME |
| Personal name |
Puls, Diego. |
| Fuller form of name |
(Diego J.) |
| 791 2# - |
| -- |
Digitalia (Firm), |
| -- |
distributor. |
| 793 0# - |
| -- |
Digitalia eBook Collection: |
| -- |
CECAL |
| 830 #0 - SERIES ADDED ENTRY--UNIFORM TITLE |
| Uniform title |
Colección Poetas del mundo ; |
| Volume/sequential designation |
2 |
| 856 40 - ELECTRONIC LOCATION AND ACCESS |
| Materials specified |
Digitalia Hispánica |
| Uniform Resource Identifier |
<a href="https://www.digitaliapublishing.com/a/18561/">https://www.digitaliapublishing.com/a/18561/</a> |
| 910 ## - USER-OPTION DATA (OCLC) |
| User-option data |
Premium Collection: 2007-2012 |
| 942 ## - ADDED ENTRY ELEMENTS (KOHA) |
| Koha item type |
Recurso Electrónico |